Top Video Games of Every Year Est. 2011 - Statistics

General Stats
  • This quiz has been taken 8 times
  • The average score is 1 of 13
Answer Stats
Hint Answer % Correct
2013 The Last Of Us
57%
2018 Fortnite
29%
2019 Fortnite
29%
2011 The Elder Scrolls V: Skyrim
14%
2022 Call of Duty: Modern Warfare
0%
2023 Call of Duty: Modern Warfare
0%
2021 Call Of Duty: Vanguard
0%
2020 Fall Guys
0%
2016 League of Legends
0%
2017 PUBG
0%
2014 Puzzle and Dragons
0%
2012 The Walking Dead
0%
2015 The Witcher 3: Wild Hunt
0%
No matching quizzes found
Score Distribution
Percent of People with Each Score
Percentile by Number Answered
Your Score History
You have not taken this quiz